000 02063cam a2200169 4500500
005 20260208010807.0
041 _afre
042 _adc
100 1 0 _aLequan, Mai
_eauthor
245 0 0 _aJean-René Vernes, L’Aberration philosophique. L’illusion tragique du kantisme, Paris, L’Harmattan, 2007, 55 p., 10 € ; La Seconde Révolution cartésienne, Paris, L’Harmattan, 2011, 35 p., 7,50 €
260 _c2013.
500 _a99
520 _aRésuméOn présente une revue organisée et commentée des études cartésiennes des quinze dernières années sur la question de Dieu. Sont repérées deux constantes méthodologiques : la contextualisation dans une longue durée, du Moyen Âge à Kant ; l’affaiblissement du cadre interprétatif heideggerien. Quatre grands thèmes sont distingués : les rapports théologie/métaphysique ; la création des vérités éternelles ; les attributs et les noms divins ; la question de l’appartenance de Descartes à la métaphysique. On relève enfin deux aspects très peu étudiés : l’investigation phénoménologique, le lien entre métaphysique et morale.
520 _aFifteen years of Cartesian studies bearing on the question of God (1996-2011)One will find here a systematic and commented overview of the last fifteen years of Cartesian studies bearing on the question of God. Two methodological constants are identified: long term contextualization, from the Middle Ages to Kant; the weakening of the Heideggerian interpretative framework. Four broad themes are circumscribed: the relations between theology and metaphysics; the creation of eternal truths; the names and attributes of God; the issue of whether Descartes belongs to metaphysics. Two neglected topics are singled out: phenomenological investigation; the relation between metaphysics and ethics.
786 0 _nRevue philosophique de la France et de l'étranger | 138 | 1 | 2013-02-18 | p. 99m-114m | 0035-3833
856 4 1 _uhttps://shs.cairn.info/revue-philosophique-2013-1-page-99m?lang=fr&redirect-ssocas=7080
999 _c1658250
_d1658250